[Event "44th Bosna it"]
[Site "Sarajevo BIH"]
[Date "2014.06.02"]
[Round "5.16"]
[White "Markoja, Boris"]
[Black "Kamberovic, Senad"]
[Result "1-0"]
[WhiteElo "2164"]
[BlackElo "2259"]
[EventDate "2014.05.30"]
[PlyCount "87"]

1.c4 c6 2.g3 d5 3.Bg2 Nf6 4.Nf3 Bf5 5.cxd5 cxd5 6.Qb3 Qb6 7.Qxb6 axb6 8.
Nc3 e6 9.d3 Bc5 10.O-O O-O 11.Bf4 Rc8 12.a3 Nc6 13.Nb5 Bg4 14.b4 Be7 15.
Rfe1 Nd7 16.e4 Bf6 17.Rab1 d4 18.Bd6 e5 19.Nd2 Bd8 20.Rbc1 f6 21.f4 Be6 
22.Bf3 Kf7 23.f5 Ba2 24.Ra1 Be7 25.Rxa2 Nxb4 26.Bxb4 Bxb4 27.Rb1 Be7 28.
Nc4 Rc6 29.Be2 Nc5 30.Kf2 Ke8 31.g4 Kd7 32.g5 Na4 33.Bh5 Nc5 34.Ke2 Ra6 
35.Bf7 Na4 36.gxf6 gxf6 37.Be6+ Ke8 38.Kf3 Rc5 39.Rg2 Nc3 40.Rg8+ Bf8 41.
Nbd6+ Ke7 42.Rbg1 b5 43.R1g7+ Bxg7 44.Re8# 1-0

[Event "44th Bosna it"]
[Site "Sarajevo BIH"]
[Date "2014.06.02"]
[Round "5.17"]
[White "Mestrovic, Zvonimir"]
[Black "Bojovic, Dusan"]
[Result "1-0"]
[WhiteElo "2301"]
[BlackElo "2285"]
[EventDate "2014.05.30"]
[PlyCount "97"]

1.d4 Nf6 2.Nc3 c5 3.dxc5 e6 4.e4 Nc6 5.Be3 Qa5 6.Qd2 Ng4 7.Nb5 Nxe3 8.fxe3
Qd8 9.Nd6+ Bxd6 10.cxd6 Qh4+ 11.g3 Qxe4 12.Bg2 Qc4 13.Nf3 a5 14.b3 Qc5 15.
O-O Ra6 16.Rad1 b5 17.Kh1 Bb7 18.Nd4 Nd8 19.Qe2 Rb6 20.e4 b4 21.Qf2 O-O 
22.Nf5 Qxf2 23.Ne7+ Kh8 24.Rxf2 f6 25.e5 Bxg2+ 26.Kxg2 Rb5 27.exf6 gxf6 
28.c4 Rc5 29.Rd4 Nb7 30.Rh4 Kg7 31.Rg4+ Kf7 32.Rh4 Rh8 33.Rd2 h5 34.Rhd4 
f5 35.Kf3 Rh6 36.Re2 e5 37.Rd5 Rxd5 38.Nxd5 e4+ 39.Kf4 Nxd6 40.c5 Nb5 41.
Rd2 Ke6 42.Nc7+ Nxc7 43.Rd6+ Ke7 44.Rxh6 Nd5+ 45.Ke5 e3 46.Rh7+ Ke8 47.c6 
e2 48.cxd7+ Kd8 49.Kd6 1-0

[Event "44th Bosna it"]
[Site "Sarajevo BIH"]
[Date "2014.06.02"]
[Round "5.18"]
[White "Draganic, Veljko"]
[Black "Trkulja, Goran"]
[Result "1-0"]
[WhiteElo "2253"]
[BlackElo "2363"]
[EventDate "2014.05.30"]
[PlyCount "79"]

1.e4 c5 2.Nf3 e6 3.d4 cxd4 4.Nxd4 a6 5.Nc3 Qc7 6.Bd3 Nc6 7.Nxc6 dxc6 8.O-O
e5 9.f4 Nf6 10.Kh1 Bc5 11.f5 h5 12.Bg5 h4 13.Qf3 b5 14.a4 b4 15.Nd1 Nh5 
16.Bxh4 Nf4 17.Bf2 Nxd3 18.cxd3 Be7 19.Ne3 a5 20.Rac1 Bg5 21.Rc5 Ba6 22.
Rfc1 Qd6 23.Rxc6 Qxd3 24.Rd1 Qe2 25.Nd5 O-O 26.Qxe2 Bxe2 27.Re1 Bd3 28.h4 
Bh6 29.Rd6 Rfd8 30.Rxd8+ Rxd8 31.Rd1 Rxd5 32.exd5 Bxf5 33.d6 Bd7 34.Rd5 f6
35.Rxa5 Kf7 36.Ra7 Ke6 37.Bc5 b3 38.a5 Bd2 39.a6 Bc6 40.Rc7 1-0

[Event "44th Bosna it"]
[Site "Sarajevo BIH"]
[Date "2014.06.02"]
[Round "5.19"]
[White "Kiroski, Toni"]
[Black "Mrsevic, Miroslav"]
[Result "1-0"]
[WhiteElo "2327"]
[BlackElo "2273"]
[EventDate "2014.05.30"]
[PlyCount "51"]

1.e4 d6 2.d4 Nf6 3.Nc3 e5 4.Nf3 Nbd7 5.Bc4 Be7 6.a4 a5 7.O-O O-O 8.h3 c6 
9.Be3 exd4 10.Qxd4 Nc5 11.Rad1 Be6 12.Ng5 Bxc4 13.Qxc4 Nfd7 14.Nf3 Qb6 15.
Qa2 Rfe8 16.Nd4 Qb4 17.Nf5 Nxe4 18.Rd4 Nxc3 19.bxc3 Qc5 20.Nh6+ gxh6 21.
Rg4+ Kh8 22.Bxc5 Nxc5 23.Qxf7 Bg5 24.h4 Re7 25.Qf3 Bd2 26.Qf6+ 1-0

[Event "44th Bosna it"]
[Site "Sarajevo BIH"]
[Date "2014.06.02"]
[Round "5.20"]
[White "Karger, Frank"]
[Black "Vrana, Frantisek"]
[Result "1/2-1/2"]
[WhiteElo "2293"]
[BlackElo "2250"]
[EventDate "2014.05.30"]
[PlyCount "99"]

1.d4 g6 2.e4 c6 3.Nf3 d5 4.Nbd2 Bg7 5.c3 Nh6 6.Bd3 O-O 7.O-O Nd7 8.Re1 Re8
9.h3 f6 10.c4 dxe4 11.Nxe4 Nf7 12.c5 Nf8 13.Bc4 Be6 14.Qb3 Bxc4 15.Qxc4 
Qd5 16.Qb4 Qd7 17.Bf4 Ne6 18.Be3 f5 19.Nc3 f4 20.Bc1 Nxd4 21.Nxd4 a5 22.
Qb3 Bxd4 23.Bxf4 Bxc5 24.Na4 Bb4 25.Nb6 Qf5 26.Nxa8 Qxf4 27.Re3 a4 28.Qe6 
Qd6 29.Nb6 Bc5 30.Nc4 Qxe6 31.Rxe6 Rd8 32.Rc1 Rd7 33.Ne5 Rd5 34.Nxf7 Kxf7 
35.Re4 Bd4 36.Rc4 Bxb2 37.Rb4 Be5 38.f4 Bd6 39.Rxb7 a3 40.Re2 Rd4 41.g3 h5
42.h4 Kf6 43.Kg2 Kf5 44.Rb3 Kg4 45.Rbe3 Kf5 46.Kf3 Rc4 47.Rb3 Bc5 48.Re5+ 
Kf6 49.Rxc5 Rxc5 50.Rxa3 1/2-1/2

[Event "44th Bosna it"]
[Site "Sarajevo BIH"]
[Date "2014.06.03"]
[Round "6.1"]
[White "Jovanovic, Zoran"]
[Black "Rakhmanov, Aleksandr"]
[Result "1/2-1/2"]
[WhiteElo "2546"]
[BlackElo "2610"]
[EventDate "2014.05.30"]
[PlyCount "20"]

1.e4 e6 2.d4 d5 3.Nc3 dxe4 4.Nxe4 Bd7 5.Nf3 Bc6 6.Bd3 Nd7 7.Qe2 Ngf6 8.O-O
Nxe4 9.Bxe4 Bxe4 10.Qxe4 c6 1/2-1/2

[Event "44th Bosna it"]
[Site "Sarajevo BIH"]
[Date "2014.06.03"]
[Round "6.2"]
[White "Kovacevic, Aleksandar"]
[Black "Gleizerov, Evgeny"]
[Result "1/2-1/2"]
[WhiteElo "2560"]
[BlackElo "2541"]
[EventDate "2014.05.30"]
[PlyCount "30"]

1.e4 e6 2.d4 d5 3.Nc3 Nf6 4.Bg5 Be7 5.e5 Nfd7 6.h4 h6 7.Bxe7 Qxe7 8.f4 O-O
9.g4 c5 10.g5 cxd4 11.Qxd4 Nc6 12.Qd2 Nc5 13.gxh6 f6 14.Nf3 gxh6 15.O-O-O 
Kh7 1/2-1/2

[Event "44th Bosna it"]
[Site "Sarajevo BIH"]
[Date "2014.06.03"]
[Round "6.3"]
[White "Kurajica, Bojan"]
[Black "Kozul, Zdenko"]
[Result "0-1"]
[WhiteElo "2499"]
[BlackElo "2595"]
[EventDate "2014.05.30"]
[PlyCount "62"]

1.d4 Nf6 2.Nf3 g6 3.c4 Bg7 4.g3 c6 5.Bg2 O-O 6.O-O d5 7.cxd5 cxd5 8.Nc3 e6
9.Bf4 Bd7 10.Qd2 Bc6 11.Ne5 Nfd7 12.Nf3 Qb6 13.Rfc1 a5 14.Rc2 a4 15.Bd6 
Re8 16.Rac1 Qd8 17.Qf4 f6 18.e4 g5 19.Qe3 Nb6 20.Bxb8 Rxb8 21.Qd3 dxe4 22.
Nxe4 g4 23.Ne1 f5 24.Nc5 Nd5 25.Re2 Qd6 26.Nc2 b6 27.Na6 Rbc8 28.Rd1 Qd7 
29.Na3 Bf8 30.Rc2 Bb7 31.Bf1 Ra8 0-1

[Event "44th Bosna it"]
[Site "Sarajevo BIH"]
[Date "2014.06.03"]
[Round "6.4"]
[White "Yilmaz, Mustafa"]
[Black "Ulibin, Mikhail"]
[Result "1-0"]
[WhiteElo "2564"]
[BlackElo "2498"]
[EventDate "2014.05.30"]
[PlyCount "101"]

1.c4 c5 2.Nf3 Nf6 3.Nc3 e6 4.g3 b6 5.Bg2 Bb7 6.O-O Be7 7.d4 cxd4 8.Qxd4 d6
9.Bg5 a6 10.Rfd1 Nbd7 11.Qd2 Qc8 12.Bf4 Nc5 13.b4 Nce4 14.Nxe4 Nxe4 15.Qd3
O-O 16.Rac1 e5 17.Be3 Nf6 18.Nh4 Bxg2 19.Nxg2 Qh3 20.f3 b5 21.c5 d5 22.Bf2
Rfd8 23.a4 bxa4 24.Ra1 d4 25.Rxa4 Nd5 26.Rda1 Rab8 27.Be1 Bg5 28.Bd2 h6 
29.f4 e4 30.Qxe4 Nf6 31.Qf3 Ng4 32.Ne1 Qxh2+ 33.Kf1 Qh5 34.Qg2 Bf6 35.Nd3 
Re8 36.Rxa6 Nh2+ 37.Ke1 Ng4 38.Ra8 Kh7 39.Rxb8 Rxb8 40.Qe4+ g6 41.Kd1 Kg7 
42.Ra7 Qh3 43.Qf3 h5 44.c6 Nh6 45.c7 Rc8 46.Qb7 Nf5 47.Ra8 Nd6 48.Qc6 Qxg3
49.Rb8 Qg1+ 50.Be1 Rxc7 51.Qxc7 1-0

[Event "44th Bosna it"]
[Site "Sarajevo BIH"]
[Date "2014.06.03"]
[Round "6.5"]
[White "Stevic, Hrvoje"]
[Black "Kohlweyer, Bernd"]
[Result "1/2-1/2"]
[WhiteElo "2613"]
[BlackElo "2422"]
[EventDate "2014.05.30"]
[PlyCount "144"]

1.e4 c5 2.c3 d5 3.exd5 Qxd5 4.d4 Nf6 5.Nf3 Nc6 6.dxc5 Qxc5 7.Na3 e5 8.Be3 
Qa5 9.Nc4 Qc7 10.Qa4 Bd7 11.Nb6 Rd8 12.Nxd7 Nxd7 13.Bc4 Be7 14.Ng5 Bxg5 
15.Bxg5 Rc8 16.Qa3 h6 17.Be3 a6 18.O-O Ne7 19.Be2 Nf6 20.Qa4+ Qc6 21.Qxc6+
Rxc6 22.Rad1 O-O 23.g3 Nf5 24.Bc1 b5 25.Rfe1 Re8 26.Bf1 g5 27.Bh3 g4 28.
Bg2 e4 29.h3 Rce6 30.hxg4 Nxg4 31.Bh3 h5 32.Rd5 Ng7 33.Bf4 f5 34.Bxg4 hxg4
35.Red1 Kf7 36.Kf1 R8e7 37.Ke2 Kg6 38.Ke3 Rc6 39.Rh1 Nh5 40.Be5 Rce6 41.
Bd4 Rf7 42.Rd8 f4+ 43.gxf4 Nxf4 44.Rg8+ Kf5 45.Rg1 Rg6 46.Rc8 Nd5+ 47.Ke2 
Rh7 48.Rf8+ Ke6 49.Re8+ Re7 50.Rh8 Rf7 51.Rh4 Nf4+ 52.Ke3 Kf5 53.Rh8 Nd5+ 
54.Kd2 Nf4 55.Rd8 Rh6 56.Re8 Ne6 57.Be3 Rh3 58.Rg8 Rg7 59.Rxg7 Nxg7 60.b3 
Nh5 61.c4 bxc4 62.bxc4 g3 63.fxg3 Nxg3 64.Bf2 Nh5 65.Be3 Nf6 66.Rg5+ Ke6 
67.Ra5 Ng4 68.Rxa6+ Ke5 69.Ra5+ Ke6 70.Ra6+ Ke5 71.Ra5+ Ke6 72.Ra6+ Ke5 
1/2-1/2

[Event "44th Bosna it"]
[Site "Sarajevo BIH"]
[Date "2014.06.03"]
[Round "6.6"]
[White "Bok, Benjamin"]
[Black "Dizdarevic, Emir"]
[Result "1-0"]
[WhiteElo "2605"]
[BlackElo "2509"]
[EventDate "2014.05.30"]
[PlyCount "92"]

1.e4 e6 2.d4 d5 3.Nd2 c5 4.Ngf3 cxd4 5.Nxd4 Nc6 6.Bb5 Bd7 7.Nxc6 Bxc6 8.
Bxc6+ bxc6 9.c4 d4 10.e5 c5 11.Ne4 f5 12.exf6 Nxf6 13.Ng5 e5 14.O-O h6 15.
Nf3 e4 16.Nd2 Bd6 17.Re1 Qc7 18.Nxe4 Bxh2+ 19.Kh1 O-O 20.Nxf6+ Rxf6 21.Qh5
Qc6 22.Kxh2 Rxf2 23.Qd5+ Qxd5 24.cxd5 Rd8 25.Kg3 Rc2 26.Rd1 Rxd5 27.Rd2 
Rc4 28.Rf2 a5 29.Bf4 a4 30.Rc1 Rb4 31.Rfc2 Rb5 32.Kf3 Kf7 33.Ke4 Ke6 34.
Kd3 Rf5 35.Ke4 h5 36.Bh2 Rg5 37.Re1 Rf5 38.Rce2 Kf6 39.Kd3 Kg5 40.Rc1 Kf6 
41.Bd6 Kg5 42.Rc4 Rd5 43.Be7+ Kg4 44.Rec2 h4 45.Bxc5 Kh5 46.Bxd4 g5 1-0

[Event "44th Bosna it"]
[Site "Sarajevo BIH"]
[Date "2014.06.03"]
[Round "6.7"]
[White "Palac, Mladen"]
[Black "Marjanovic, Dejan"]
[Result "1-0"]
[WhiteElo "2569"]
[BlackElo "2330"]
[EventDate "2014.05.30"]
[PlyCount "111"]

1.e4 d6 2.d4 Nf6 3.Nc3 e5 4.Nf3 Nbd7 5.Bc4 Be7 6.O-O Nb6 7.Bd3 Nfd7 8.Be3 
O-O 9.a4 a5 10.Re1 exd4 11.Nxd4 Nc5 12.Bf1 Bd7 13.b3 Re8 14.Qd2 Bf6 15.f3 
Na6 16.Rad1 c6 17.Qf2 Nc8 18.Rd2 Nb4 19.Nde2 Qe7 20.Nd1 g6 21.Bd4 Be6 22.
Ne3 Bxd4 23.Nxd4 Nb6 24.Qg3 Qf8 25.c3 Na6 26.Bxa6 Rxa6 27.Nxe6 Rxe6 28.c4 
Nd7 29.Red1 Nc5 30.Rxd6 Rxd6 31.Rxd6 Ra8 32.Ng4 Rd8 33.Nh6+ Kg7 34.Nf5+ 
Kg8 35.e5 Nxb3 36.Qg5 f6 37.Nh6+ Kh8 38.Nf7+ Kg8 39.Nh6+ Kh8 40.Rxd8 Qxd8 
41.Nf7+ Kg7 42.Nxd8 fxg5 43.Nxb7 Kf8 44.Kf2 Ke7 45.Ke3 Ke6 46.Kd3 Kxe5 47.
Kc3 Nc1 48.Nxa5 Ne2+ 49.Kd2 Nd4 50.Nb7 Ne6 51.Ke3 Nc7 52.Nc5 h5 53.a5 h4 
54.a6 Kf5 55.a7 Na8 56.Na4 1-0

[Event "44th Bosna it"]
[Site "Sarajevo BIH"]
[Date "2014.06.03"]
[Round "6.8"]
[White "Bosiocic, Marin"]
[Black "Kalezic, Blazo"]
[Result "1-0"]
[WhiteElo "2542"]
[BlackElo "2423"]
[EventDate "2014.05.30"]
[PlyCount "91"]

1.e4 e6 2.d4 d5 3.Nd2 Nf6 4.e5 Nfd7 5.Bd3 c5 6.c3 Nc6 7.Ne2 cxd4 8.cxd4 f6
9.exf6 Nxf6 10.O-O Bd6 11.Nf3 Qc7 12.Bg5 O-O 13.Bh4 Nh5 14.Qc2 h6 15.Bh7+ 
Kh8 16.Bg6 Rxf3 17.Bxh5 Rf8 18.Bg3 Bd7 19.Rac1 Be8 20.Bg4 Rf6 21.Qb3 Rb8 
22.Qe3 Bg6 23.a3 Re8 24.b4 a6 25.Rc3 e5 26.dxe5 Bxe5 27.Bxe5 Rxe5 28.Qg3 
Qe7 29.Re3 Rxe3 30.Qxe3 Qd6 31.Rd1 Ne5 32.h3 h5 33.Bc8 Qc7 34.Nf4 Nf3+ 35.
Qxf3 Rxf4 36.Qg3 Kh7 37.Bxb7 h4 38.Qh2 d4 39.Bxa6 d3 40.Kh1 Qc2 41.Qxf4 
Qxd1+ 42.Kh2 Qh5 43.Qd4 d2 44.Qxd2 Qe5+ 45.f4 Qa1 46.Qe3 1-0

[Event "44th Bosna it"]
[Site "Sarajevo BIH"]
[Date "2014.06.03"]
[Round "6.9"]
[White "Djukic, Nikola"]
[Black "Stojanovic, Dalibor"]
[Result "1/2-1/2"]
[WhiteElo "2534"]
[BlackElo "2493"]
[EventDate "2014.05.30"]
[PlyCount "75"]

1.e4 e5 2.Nf3 Nf6 3.Nxe5 d6 4.Nf3 Nxe4 5.Nc3 Nxc3 6.dxc3 Be7 7.Bf4 Nc6 8.
Qd2 Be6 9.Ng5 Bxg5 10.Bxg5 Qd7 11.Be2 h6 12.Be3 Bg4 13.f3 Be6 14.c4 f6 15.
O-O-O O-O-O 16.Rhe1 Rhe8 17.Bf1 h5 18.Bf2 Qf7 19.b3 Bf5 20.Rxe8 Rxe8 21.c5
dxc5 22.Bxc5 Rd8 23.Qc3 Rxd1+ 24.Kxd1 a6 25.Kc1 Qd5 26.Bc4 Qe5 27.Qxe5 
Nxe5 28.Be2 Ng6 29.Kd2 Kd7 30.a4 Nf4 31.Bf1 h4 32.Be3 Nd5 33.Bf2 g5 34.g3 
hxg3 35.hxg3 g4 36.Bg2 gxf3 37.Bxf3 c6 38.Bd4 1/2-1/2

[Event "44th Bosna it"]
[Site "Sarajevo BIH"]
[Date "2014.06.03"]
[Round "6.10"]
[White "Sebenik, Matej"]
[Black "Nestorovic, Dejan"]
[Result "1-0"]
[WhiteElo "2497"]
[BlackElo "2432"]
[EventDate "2014.05.30"]
[PlyCount "65"]

1.d4 Nf6 2.c4 e6 3.Nf3 Bb4+ 4.Nbd2 O-O 5.a3 Be7 6.e4 d5 7.e5 Nfd7 8.Bd3 c5
9.h4 h6 10.Bb1 cxd4 11.Qc2 f5 12.cxd5 exd5 13.Nb3 Nc6 14.Bf4 a5 15.Ba2 a4 
16.Nbxd4 Nc5 17.Rd1 Nxd4 18.Nxd4 Ne6 19.Ne2 Ra5 20.Qd2 Kh7 21.Bxd5 Nxf4 
22.Nxf4 Qc7 23.O-O Rc5 24.Qe3 Bxh4 25.Rc1 Be7 26.Nd3 Rxc1 27.Rxc1 Qa5 28.
Qf3 Kh8 29.Nf4 Qb6 30.Qh5 Kh7 31.Rxc8 g6 32.Rxf8 gxh5 33.Rf7+ 1-0

[Event "44th Bosna it"]
[Site "Sarajevo BIH"]
[Date "2014.06.03"]
[Round "6.11"]
[White "Kadric, Denis"]
[Black "Ali Marandi, Cemil Can"]
[Result "1-0"]
[WhiteElo "2479"]
[BlackElo "2383"]
[EventDate "2014.05.30"]
[PlyCount "135"]

1.d3 d5 2.g3 Nf6 3.Bg2 c6 4.Nf3 Bg4 5.h3 Bxf3 6.Bxf3 e5 7.O-O Bc5 8.Bg2 
Nbd7 9.e4 dxe4 10.dxe4 Qe7 11.Nd2 h5 12.c3 h4 13.g4 O-O-O 14.b4 Bb6 15.a4 
Nf8 16.Qc2 Ne6 17.Nc4 Bc7 18.Be3 g5 19.Bxa7 Nf4 20.Rfd1 Rxd1+ 21.Rxd1 Rd8 
22.Nb6+ Bxb6 23.Bxb6 Rxd1+ 24.Qxd1 Qd7 25.Qxd7+ Nxd7 26.Be3 Ne2+ 27.Kf1 
Nf4 28.Kg1 Ne2+ 29.Kh2 f6 30.Bd2 Kc7 31.Bf1 Nf4 32.a5 Kb8 33.Be3 Kc7 34.f3
Ne6 35.Bc4 Nf4 36.Bf7 Ne2 37.Bd2 Kd6 38.Bg6 Kc7 39.Bf5 Ng3 40.Kg2 Nxf5 41.
gxf5 b5 42.Be3 Kb7 43.Kf2 Ka6 44.Ke2 Kb7 45.Kd3 Ka6 46.c4 Kb7 47.Kc3 Ka6 
48.Kb3 Kb7 49.cxb5 cxb5 50.Bc5 Ka6 51.Be7 Kb7 52.Kc3 Ka6 53.Kd3 Kb7 54.Ke2
Ka6 55.Kf2 Kb7 56.Kf1 Ka6 57.f4 exf4 58.e5 Nxe5 59.Bxf6 Nf7 60.Kg2 Kb7 61.
Kf3 Kc6 62.Bd4 Kb7 63.Kg4 Ka6 64.Bf2 Kb7 65.f6 Ka6 66.Bxh4 gxh4 67.Kxf4 
Kb7 68.Kf5 1-0

[Event "44th Bosna it"]
[Site "Sarajevo BIH"]
[Date "2014.06.03"]
[Round "6.12"]
[White "Toth, Aleksandar"]
[Black "Solomunovic, Igor"]
[Result "0-1"]
[WhiteElo "2304"]
[BlackElo "2448"]
[EventDate "2014.05.30"]
[PlyCount "78"]

1.e4 c5 2.Nf3 e6 3.d3 Nc6 4.g3 d6 5.Bg2 Nf6 6.O-O Be7 7.c3 O-O 8.Re1 b6 9.
a3 Bb7 10.Nbd2 b5 11.b4 a5 12.bxc5 dxc5 13.e5 Nd7 14.Qe2 Qc7 15.Rb1 b4 16.
cxb4 cxb4 17.Nc4 Nb6 18.Bg5 Nxc4 19.dxc4 bxa3 20.Qa2 Bxg5 21.Rxb7 Qxb7 22.
Nxg5 Qb2 23.Ra1 Nb4 24.Qxa3 Qxe5 25.Bxa8 Nc2 26.Qxa5 Qxa1+ 27.Qxa1 Nxa1 
28.Be4 h6 29.Nf3 Nb3 30.Bd3 Rd8 31.Ne1 Nc5 32.Bf1 f5 33.h4 Kf7 34.Nc2 Rd2 
35.Nb4 g5 36.hxg5 hxg5 37.Kg2 g4 38.Kg1 Ne4 39.Nd3 Rc2 0-1

[Event "44th Bosna it"]
[Site "Sarajevo BIH"]
[Date "2014.06.03"]
[Round "6.13"]
[White "Sutkovic, Damir"]
[Black "Markoja, Boris"]
[Result "1/2-1/2"]
[WhiteElo "2326"]
[BlackElo "2164"]
[EventDate "2014.05.30"]
[PlyCount "57"]

1.d4 Nf6 2.c4 c5 3.d5 e6 4.Nc3 exd5 5.cxd5 d6 6.e4 g6 7.f4 Bg7 8.Bb5+ Nbd7
9.e5 dxe5 10.fxe5 Nh5 11.e6 Qh4+ 12.g3 Nxg3 13.hxg3 Qxh1 14.exd7+ Bxd7 15.
Bxd7+ Kxd7 16.Qa4+ Kc8 17.Be3 Bxc3+ 18.bxc3 Qxd5 19.Rd1 Qe6 20.Kf2 Rd8 21.
Re1 Qc6 22.Qxc6+ bxc6 23.Bxc5 Rb8 24.Bxa7 Ra8 25.Re7 Rd7 26.Re8+ Rd8 27.
Re7 Rd7 28.Re8+ Rd8 29.Re7 1/2-1/2

[Event "44th Bosna it"]
[Site "Sarajevo BIH"]
[Date "2014.06.03"]
[Round "6.14"]
[White "Dastan, Muhammed Batuhan"]
[Black "Nestorovic, Lazar"]
[Result "1-0"]
[WhiteElo "2439"]
[BlackElo "2337"]
[EventDate "2014.05.30"]
[PlyCount "77"]

1.e4 c5 2.Nf3 e6 3.d4 cxd4 4.Nxd4 d6 5.Nc3 a6 6.Bd3 Nf6 7.O-O Be7 8.Kh1 
Qc7 9.f4 Nbd7 10.Qe2 b5 11.Bd2 Bb7 12.b4 Rc8 13.a4 bxa4 14.Nxa4 d5 15.e5 
Ne4 16.Be1 Nb6 17.Nb2 Nc3 18.Qg4 g6 19.Bxa6 Bxa6 20.Rxa6 Ne4 21.Qe2 O-O 
22.b5 Bc5 23.Nb3 Qe7 24.c4 f6 25.cxd5 exd5 26.Nd3 Nd7 27.Qa2 Be3 28.Rf3 
fxe5 29.Rxe3 exf4 30.Rf3 Ne5 31.Ra7 Qg5 32.Nxe5 Qxe5 33.Qa1 d4 34.Nxd4 
Rfe8 35.Qa2+ Kh8 36.Rxh7+ Kxh7 37.Qf7+ Kh6 38.Rh3+ Kg5 39.Nf3+ 1-0

[Event "44th Bosna it"]
[Site "Sarajevo BIH"]
[Date "2014.06.03"]
[Round "6.15"]
[White "Burovic, Ismet"]
[Black "Draganic, Veljko"]
[Result "1/2-1/2"]
[WhiteElo "2374"]
[BlackElo "2253"]
[EventDate "2014.05.30"]
[PlyCount "112"]

1.e4 e6 2.d3 d5 3.Nd2 c5 4.Ngf3 Nc6 5.g3 Bd6 6.Bg2 Nge7 7.O-O O-O 8.Re1 f6
9.c3 d4 10.Nc4 e5 11.Nxd6 Qxd6 12.c4 Be6 13.Rf1 a6 14.Ne1 b5 15.b3 Rfb8 
16.f4 a5 17.a4 bxc4 18.bxc4 Nb4 19.Bf3 Nec6 20.Bg4 Ra7 21.Bxe6+ Qxe6 22.
Rf2 Rab7 23.f5 Qf7 24.g4 h6 25.h4 Kf8 26.Rh2 Ke7 27.g5 hxg5 28.hxg5 Kd6 
29.Nf3 Rg8 30.g6 Qd7 31.Rh7 Ne7 32.Nh4 Qc7 33.Ba3 Qb8 34.Nf3 Nec6 35.Rb1 
Qe8 36.Rb2 Ne7 37.Kf2 Nec6 38.Ke2 Qb8 39.Kd2 Qa7 40.Ne1 Nb8 41.Nc2 Nd7 42.
Rb1 Qa6 43.Ne1 Qc6 44.Ra1 Nb6 45.Bxb4 cxb4 46.c5+ Qxc5 47.Rc1 Qc3+ 48.Rxc3
bxc3+ 49.Ke2 Nd7 50.Kf3 Rb2 51.Qa1 Nc5 52.Qa3 Kc6 53.Qa1 Nb3 54.Qa3 Nc5 
55.Qa1 Nb3 56.Qa3 Nc5 1/2-1/2

[Event "44th Bosna it"]
[Site "Sarajevo BIH"]
[Date "2014.06.03"]
[Round "6.16"]
[White "Kiroski, Toni"]
[Black "Bistric, Faruk"]
[Result "1/2-1/2"]
[WhiteElo "2327"]
[BlackElo "2363"]
[EventDate "2014.05.30"]
[PlyCount "84"]

1.e4 Nf6 2.Nc3 d6 3.d4 g6 4.Nf3 Bg7 5.Bc4 O-O 6.Bb3 Bg4 7.h3 Bxf3 8.Qxf3 
Nc6 9.Ne2 Nd7 10.c3 e5 11.d5 Ne7 12.g4 f5 13.gxf5 gxf5 14.Rg1 fxe4 15.Qxe4
Nc5 16.Qg2 Ng6 17.Bc2 Qf6 18.Bg5 Qf7 19.h4 Kh8 20.h5 Ne7 21.h6 Bxh6 22.
Bxh6 Rg8 23.Qh1 Rxg1+ 24.Nxg1 Nxd5 25.O-O-O c6 26.Nh3 Rg8 27.Rg1 Nf6 28.
Rxg8+ Nxg8 29.Ng5 Qf6 30.b4 Nd7 31.Kb2 Nxh6 32.Nxh7 Qg7 33.Qh4 d5 34.Qd8+ 
Ng8 35.Bf5 e4 36.Ng5 Ne5 37.Be6 Qg6 38.Bxg8 Nc4+ 39.Kb3 Qxg8 40.Qf6+ Qg7 
41.Qd8+ Qg8 42.Qf6+ Qg7 1/2-1/2

[Event "44th Bosna it"]
[Site "Sarajevo BIH"]
[Date "2014.06.03"]
[Round "6.18"]
[White "Rasidovic, Sead"]
[Black "Louis, Thibault"]
[Result "1-0"]
[WhiteElo "2338"]
[BlackElo "2242"]
[EventDate "2014.05.30"]
[PlyCount "91"]

1.e4 e6 2.d4 d5 3.e5 c5 4.c3 Nc6 5.Nf3 Bd7 6.Be2 Nge7 7.O-O Ng6 8.g3 Be7 
9.h4 cxd4 10.cxd4 O-O 11.h5 Nh8 12.Nc3 f6 13.exf6 Bxf6 14.Bf4 Nf7 15.Re1 
Ng5 16.Nxg5 Bxg5 17.Bd6 Be7 18.Bxe7 Qxe7 19.Bb5 Qf6 20.f4 g5 21.hxg6 Qxg6 
22.Kf2 Nb8 23.Bd3 Qg7 24.Rh1 h6 25.Rh4 e5 26.dxe5 Nc6 27.Bb5 Rae8 28.Qxd5+
Rf7 29.Kg2 a6 30.Bc4 Nxe5 31.fxe5 Bc6 32.Qxc6 bxc6 33.Rf1 Re7 34.Rhf4 Qxe5
35.Bxf7+ Kh8 36.Bc4 Rd7 37.R1f2 a5 38.Ne4 Rd8 39.Rh4 h5 40.Nf6 Qe3 41.Ne4 
Rd4 42.Rxh5+ Kg7 43.Rg5+ Kh7 44.Rf7+ Kh6 45.Rf6+ Kh7 46.Bg8+ 1-0

[Event "44th Bosna it"]
[Site "Sarajevo BIH"]
[Date "2014.06.03"]
[Round "6.19"]
[White "Bojovic, Dusan"]
[Black "Karger, Frank"]
[Result "1-0"]
[WhiteElo "2285"]
[BlackElo "2293"]
[EventDate "2014.05.30"]
[PlyCount "59"]

1.e4 c5 2.Nf3 e6 3.d4 cxd4 4.Nxd4 a6 5.Bd3 Nf6 6.O-O d6 7.Qe2 g6 8.c4 Bg7 
9.Nc3 O-O 10.Rd1 Qc7 11.Nf3 Nbd7 12.h3 b6 13.Bc2 Bb7 14.Bf4 Ne5 15.Nxe5 
dxe5 16.Bg5 Rac8 17.Bd3 Nd7 18.b4 Nb8 19.b5 a5 20.Na4 Nd7 21.Bc2 Nc5 22.
Nxc5 bxc5 23.Rd2 f6 24.Be3 Rfd8 25.Rad1 Bf8 26.Qg4 Kf7 27.Qh4 Kg7 28.Bh6+ 
Kg8 29.Qxf6 Rxd2 30.Qxe6+ 1-0

[Event "44th Bosna it"]
[Site "Sarajevo BIH"]
[Date "2014.06.03"]
[Round "6.20"]
[White "Vrana, Frantisek"]
[Black "Mrsevic, Miroslav"]
[Result "0-1"]
[WhiteElo "2250"]
[BlackElo "2273"]
[EventDate "2014.05.30"]
[PlyCount "94"]

1.d4 d6 2.c4 Nf6 3.Nc3 g6 4.e4 Bg7 5.Nf3 O-O 6.Be2 e5 7.O-O Nc6 8.d5 Ne7 
9.Ne1 Ne8 10.f3 f5 11.g4 Nf6 12.Nd3 h6 13.h4 c6 14.Be3 Kh8 15.Nf2 b5 16.b3
cxd5 17.cxd5 a6 18.Rc1 Bd7 19.Nd3 Qb8 20.b4 Nc8 21.g5 hxg5 22.hxg5 Nh7 23.
Kg2 f4 24.Bf2 Nxg5 25.Rh1+ Kg8 26.Qg1 Kf7 27.Bh4 Nh7 28.Kf1 Rh8 29.Bf2 Ne7
30.Nd1 Nf6 31.Rxh8 Bxh8 32.Bb6 Ne8 33.Ba5 Bf6 34.N1f2 Qa7 35.Qg2 Rc8 36.
Ng4 Rxc1+ 37.Nxc1 Bh4 38.Qh3 g5 39.Nd3 Nf6 40.Bd8 Bxg4 41.fxg4 Nxe4 42.Kg2
Nxd5 43.Bxg5 Qe3 44.Bxh4 Qxe2+ 45.Bf2 Ndf6 46.Qf3 Qxf3+ 47.Kxf3 Ng5+ 0-1

[Event "44th Bosna it"]
[Site "Sarajevo BIH"]
[Date "2014.06.04"]
[Round "7.1"]
[White "Rakhmanov, Aleksandr"]
[Black "Kozul, Zdenko"]
[Result "1-0"]
[WhiteElo "2610"]
[BlackElo "2595"]
[EventDate "2014.05.30"]
[PlyCount "87"]

1.Nf3 Nf6 2.c4 g6 3.g3 Bg7 4.Bg2 c6 5.Nc3 O-O 6.O-O d5 7.cxd5 cxd5 8.d4 e6
9.Bf4 Bd7 10.Rc1 Qb6 11.Qd2 Nc6 12.Ne5 Nxe5 13.Bxe5 Bc6 14.e3 Rfc8 15.Rc2 
Qd8 16.Rfc1 Bf8 17.Bxf6 Qxf6 18.Bf1 Qd8 19.Bb5 Qa5 20.Qd3 a6 21.Bxc6 Rxc6 
22.a3 b5 23.Nb1 Rxc2 24.Qxc2 b4 25.a4 Ra7 26.Qc8 Kg7 27.b3 Bd6 28.Rc6 Rc7 
29.Qd8 Rxc6 30.Qxa5 Rc1+ 31.Kg2 Rxb1 32.Qxa6 Bf8 33.Qd3 Ra1 34.Qc2 h5 35.
h4 Ra3 36.Qb1 Bd6 37.f4 f6 38.Kf3 e5 39.dxe5 fxe5 40.fxe5 Bxe5 41.Qd3 Bc3 
42.Qxd5 Ra2 43.a5 Be1 44.a6 1-0

[Event "44th Bosna it"]
[Site "Sarajevo BIH"]
[Date "2014.06.04"]
[Round "7.2"]
[White "Gleizerov, Evgeny"]
[Black "Yilmaz, Mustafa"]
[Result "1/2-1/2"]
[WhiteElo "2541"]
[BlackElo "2564"]
[EventDate "2014.05.30"]
[PlyCount "84"]

1.d4 Nf6 2.c4 e6 3.g3 c5 4.d5 exd5 5.cxd5 d6 6.Nc3 g6 7.Nf3 Bg7 8.Bg2 O-O 
9.O-O Re8 10.h3 a6 11.a4 Ne4 12.Nxe4 Rxe4 13.Bg5 Qf8 14.Ra2 a5 15.Nd2 Rb4 
16.b3 Nd7 17.Nc4 Ne5 18.Nxe5 Bxe5 19.Bd2 Rb6 20.e3 Bd7 21.Qc2 Rba6 22.Bc3 
Bxc3 23.Qxc3 Qg7 24.Rc1 Rb6 25.Bf1 Rb4 26.h4 b5 27.axb5 Bxb5 28.Bxb5 Rxb5 
29.Ra3 Rb4 30.Kg2 Kf8 31.Kf3 f5 32.Qa1 Rb5 33.Ke2 Rab8 34.Qxg7+ Kxg7 35.
Rc3 Kf6 36.f4 h6 37.Kf3 g5 38.h5 gxf4 39.gxf4 Rg8 40.Rc2 Rg1 41.Rg2 Rxg2 
42.Kxg2 Ke7 1/2-1/2

[Event "44th Bosna it"]
[Site "Sarajevo BIH"]
[Date "2014.06.04"]
[Round "7.3"]
[White "Bok, Benjamin"]
[Black "Jovanovic, Zoran"]
[Result "1-0"]
[WhiteElo "2605"]
[BlackElo "2546"]
[EventDate "2014.05.30"]
[PlyCount "61"]

1.e4 d6 2.d4 Nf6 3.Nc3 e5 4.Nf3 Nbd7 5.Bc4 Be7 6.a4 O-O 7.O-O c6 8.Re1 a5 
9.h3 Nb6 10.Bd3 Nfd7 11.Bf1 exd4 12.Nxd4 Nc5 13.b3 Be6 14.Bb2 Bf6 15.Qd2 
Qc7 16.Rad1 Rad8 17.Ba3 Rfe8 18.Qf4 Be5 19.Qe3 Bc8 20.f4 Bf6 21.e5 Nbd7 
22.exd6 Rxe3 23.dxc7 Rde8 24.Rxe3 Rxe3 25.Bxc5 Nxc5 26.Nxc6 Re8 27.Na7 Ne6
28.Nd5 Bd4+ 29.Rxd4 Nxd4 30.Nxc8 Rxc8 31.Ne7+ 1-0

[Event "44th Bosna it"]
[Site "Sarajevo BIH"]
[Date "2014.06.04"]
[Round "7.4"]
[White "Bosiocic, Marin"]
[Black "Palac, Mladen"]
[Result "1/2-1/2"]
[WhiteElo "2542"]
[BlackElo "2569"]
[EventDate "2014.05.30"]
[PlyCount "45"]

1.d4 Nf6 2.c4 e6 3.Nc3 Bb4 4.e3 O-O 5.Bd3 d5 6.Nf3 b6 7.O-O c5 8.cxd5 exd5
9.Ne5 c4 10.Bc2 Bb7 11.Qf3 Re8 12.Qh3 a6 13.a3 Bd6 14.f4 b5 15.Bd2 Ra7 16.
b3 cxb3 17.Bxb3 Ba8 18.Be1 Qc8 19.Qf3 Rd8 20.Ne2 Re8 21.Nc3 Rd8 22.Ne2 Re8
23.Nc3 1/2-1/2